Movies Quiz

Random Movies or Actor Quiz

Tony Scott Casts Quiz Stats

 Plays Quiz not verified by Sporcle

Also try: George Lucas Casts
Challenge
Share
Tweet
Embed
Score 0/222 Timer 20:00
0 Plays Today
Film Actor/Actress % Correct
Top Gun (1986)Tom Cruise
98.1%
Days of Thunder (1990)Tom Cruise
98.1%
Beverly Hills Cop II (1987)Eddie Murphy
95.6%
Crimson Tide (1995)Denzel Washington
93.1%
Man on Fire (2004)Denzel Washington
93.1%
Deja Vu (2006)Denzel Washington
93.1%
The Taking of Pelham 1 2 3 (2009)Denzel Washington
93.1%
Unstoppable (2010)Denzel Washington
93.1%
Top Gun (1986)Val Kilmer
92.5%
True Romance (1993)Val Kilmer
92.5%
Enemy of the State (1998)Will Smith
92.5%
Deja Vu (2006)Val Kilmer
92.5%
The Last Boy Scout (1991)Bruce Willis
89.9%
Crimson Tide (1995)Gene Hackman
89.3%
Enemy of the State (1998)Gene Hackman
89.3%
Days of Thunder (1990)Nicole Kidman
88.1%
True Romance (1993)Brad Pitt
88.1%
Spy Game (2001)Brad Pitt
88.1%
The Taking of Pelham 1 2 3 (2009)John Travolta
83%
True Romance (1993)Patricia Arquette
81.8%
True Romance (1993)Christian Slater
81.1%
Spy Game (2001)Robert Redford
81.1%
The Fan (1996)Robert De Niro
79.9%
Man on Fire (2004)Dakota Fanning
79.9%
Deja Vu (2006)Elle Fanning
79.2%
True Romance (1993)Christopher Walken
78%
Man on Fire (2004)Christopher Walken
78%
Domino (2005)Christopher Walken
78%
Top Gun (1986)Anthony Edwards
73.6%
Unstoppable (2010)Chris Pine
73.6%
Domino (2005)Keira Knightley
71.7%
Beverly Hills Cop II (1987)Judge Reinhold
70.4%
The Last Boy Scout (1991)Damon Wayans
70.4%
Top Gun (1986)Kelly McGillis
69.2%
True Romance (1993)Gary Oldman
69.2%
The Fan (1996)Tuesday Knight
69.2%
Top Gun (1986)Meg Ryan
66.7%
True Romance (1993)Dennis Hopper
66.7%
Days of Thunder (1990)Robert Duvall
66%
The Fan (1996)Wayne Duvall
66%
The Fan (1996)Wesley Snipes
62.9%
The Last Boy Scout (1991)James Gandolfini
62.3%
True Romance (1993)James Gandolfini
62.3%
The Taking of Pelham 1 2 3 (2009)James Gandolfini
62.3%
The Last Boy Scout (1991)Bruce McGill
61.6%
Revenge (1990)Kevin Costner
57.9%
True Romance (1993)Samuel L. Jackson
57.9%
Enemy of the State (1998)Jon Voight
57.9%
Crimson Tide (1995)James Gandolfini
54.7%
Man on Fire (2004)Mickey Rourke
54.1%
Domino (2005)Mickey Rourke
54.1%
The Hunger (1983)David Bowie
53.5%
The Hunger (1983)Susan Sarandon
52.2%
Top Gun (1986)Tom Skerritt
52.2%
Crimson Tide (1995)Viggo Mortensen
52.2%
The Fan (1996)Jack Black
50.3%
Enemy of the State (1998)Jack Black
50.3%
The Last Boy Scout (1991)Halle Berry
48.4%
The Hunger (1983)Catherine Deneuve
47.8%
True Romance (1993)Tom Sizemore
47.8%
Enemy of the State (1998)Tom Sizemore
47.8%
Revenge (1990)Madeleine Stowe
47.2%
Top Gun (1986)Tim Robbins
46.5%
Days of Thunder (1990)John C. Reilly
44%
The Fan (1996)Benicio Del Toro
44%
Unstoppable (2010)Rosario Dawson
44%
Revenge (1990)Anthony Quinn
43.4%
True Romance (1993)Chris Penn
42.1%
Man on Fire (2004)Marc Anthony
41.5%
Top Gun (1986)Michael Ironside
40.9%
Beverly Hills Cop II (1987)Brigitte Nielsen
40.3%
Days of Thunder (1990)Cary Elwes
40.3%
Enemy of the State (1998)Lisa Bonet
39.6%
Deja Vu (2006)Paula Patton
39%
Film Actor/Actress % Correct
Enemy of the State (1998)Seth Green
38.4%
Days of Thunder (1990)Randy Quaid
37.7%
Days of Thunder (1990)Michael Rooker
37.7%
Deja Vu (2006)Jim Caviezel
37.7%
Beverly Hills Cop II (1987)John Ashton
36.5%
The Fan (1996)Ellen Barkin
36.5%
The Taking of Pelham 1 2 3 (2009)John Turturro
36.5%
The Hunger (1983)Willem Dafoe
35.8%
True Romance (1993)Bronson Pinchot
35.8%
Beverly Hills Cop II (1987)Ronny Cox
35.2%
Revenge (1990)John Leguizamo
35.2%
True Romance (1993)Michael Rapaport
35.2%
The Fan (1996)John Leguizamo
35.2%
Beverly Hills Cop II (1987)Chris Rock
34.6%
The Last Boy Scout (1991)Danielle Harris
34.6%
True Romance (1993)Saul Rubinek
33.3%
Enemy of the State (1998)Gabriel Byrne
33.3%
Crimson Tide (1995)Matt Craven
32.7%
Deja Vu (2006)Matt Craven
32.7%
Top Gun (1986)John Stockwell
31.4%
Beverly Hills Cop II (1987)Dean Stockwell
31.4%
Beverly Hills Cop II (1987)Jurgen Prochnow
30.8%
Domino (2005)Edgar Ramirez
30.8%
Revenge (1990)Miguel Ferrer
29.6%
Domino (2005)Delroy Lindo
29.6%
The Taking of Pelham 1 2 3 (2009)Luis Guzman
29.6%
The Hunger (1983)Dan Hedaya
28.9%
Crimson Tide (1995)George Dzundza
28.9%
Crimson Tide (1995)Ryan Phillippe
28.9%
Man on Fire (2004)Giancarlo Giannini
28.9%
Enemy of the State (1998)Regina King
28.3%
Enemy of the State (1998)Larry King
28.3%
Man on Fire (2004)Rachel Ticotin
28.3%
Revenge (1990)Sally Kirkland
27.7%
The Last Boy Scout (1991)Chelsea Field
27.7%
Enemy of the State (1998)Scott Caan
27%
The Last Boy Scout (1991)Morris Chestnut
26.4%
Enemy of the State (1998)Jake Busey
26.4%
Enemy of the State (1998)Jason Lee
26.4%
The Last Boy Scout (1991)Noble Willingham
25.8%
True Romance (1993)Kevin Corrigan
25.8%
Enemy of the State (1998)Jamie Kennedy
25.8%
Unstoppable (2010)Kevin Corrigan
25.8%
Enemy of the State (1998)Barry Pepper
25.2%
Domino (2005)Mo'Nique
25.2%
Domino (2005)Mena Suvari
25.2%
Domino (2005)Jacqueline Bisset
25.2%
Top Gun (1986)Adrian Pasdar
24.5%
The Last Boy Scout (1991)Taylor Negron
24.5%
Crimson Tide (1995)Steve Zahn
24.5%
Enemy of the State (1998)Philip Baker Hall
24.5%
Enemy of the State (1998)Loren Dean
23.9%
The Hunger (1983)Cliff De Young
23.3%
Beverly Hills Cop II (1987)Paul Reiser
23.3%
Beverly Hills Cop II (1987)Paul Guilfoyle
23.3%
Spy Game (2001)Catherine McCormack
23.3%
Man on Fire (2004)Radha Mitchell
23.3%
Days of Thunder (1990)Fred Dalton Thompson
22.6%
Deja Vu (2006)Bruce Greenwood
22.6%
Top Gun (1986)Barry Tubb
22%
True Romance (1993)Conchata Ferrell
21.4%
Crimson Tide (1995)Jason Robards
21.4%
Enemy of the State (1998)Jason Robards
21.4%
Spy Game (2001)Stephen Dillane
20.1%
Domino (2005)Jerry Springer
19.5%
Beverly Hills Cop II (1987)Robert Ridgely
18.9%
Revenge (1990)Joe Santos
18.9%
The Last Boy Scout (1991)Joe Santos
18.9%
Spy Game (2001)Omid Djalili
18.9%
Domino (2005)Lucy Liu
18.9%
Crimson Tide (1995)Ricky Schroder
18.2%
Spy Game (2001)Ken Leung
17.6%
Domino (2005)Domino Harvey
17.6%
Revenge (1990)Tomas Milian
17%
Film Actor/Actress % Correct
Crimson Tide (1995)Danny Nucci
17%
Domino (2005)Lew Temple
17%
Deja Vu (2006)Lew Temple
17%
Unstoppable (2010)Lew Temple
17%
The Hunger (1983)John Pankow
16.4%
The Last Boy Scout (1991)Chelcie Ross
16.4%
Spy Game (2001)David Hemmings
16.4%
Domino (2005)Dabney Coleman
16.4%
Unstoppable (2010)T.J. Miller
15.7%
Enemy of the State (1998)Stuart Wilson
15.1%
Top Gun (1986)Rick Rossovich
14.5%
Spy Game (2001)Marianne Jean-Baptiste
14.5%
Unstoppable (2010)David Warshofsky
14.5%
The Hunger (1983)Bessie Love
13.2%
Crimson Tide (1995)Daniel von Bargen
13.2%
The Taking of Pelham 1 2 3 (2009)Michael Rispoli
13.2%
Days of Thunder (1990)Don Simpson
12.6%
The Last Boy Scout (1991)Kim Coates
12.6%
The Fan (1996)Don S. Davis
12.6%
Crimson Tide (1995)Scott Grimes
11.9%
Unstoppable (2010)Ethan Suplee
11.9%
Unstoppable (2010)Kevin Dunn
11.3%
Beverly Hills Cop II (1987)Allen Garfield
10.1%
Spy Game (2001)Charlotte Rampling
10.1%
Top Gun (1986)James Tolkan
9.4%
The Fan (1996)John Carroll Lynch
9.4%
True Romance (1993)Eric Allan Kramer
8.8%
Crimson Tide (1995)Lillo Brancato
8.8%
Enemy of the State (1998)Lillo Brancato
8.8%
Beverly Hills Cop II (1987)Tommy 'Tiny' Lister, Jr.
8.2%
Top Gun (1986)Clarence Gilyard, Jr.
7.5%
Beverly Hills Cop II (1987)Robert Pastorelli
7.5%
The Fan (1996)Chris Mulkey
7.5%
Domino (2005)T.K. Carter
7.5%
The Fan (1996)M.C. Gainey
6.9%
Domino (2005)Macy Gray
6.9%
Beverly Hills Cop II (1987)Gilbert Gottfried
6.3%
Enemy of the State (1998)Anna Gunn
6.3%
Spy Game (2001)Larry Bryggman
6.3%
Deja Vu (2006)Elden Henson
6.3%
The Last Boy Scout (1991)Billy Blanks
5.7%
The Last Boy Scout (1991)Michael Papajohn
5.7%
Enemy of the State (1998)Bodhi Elfman
5.7%
Spy Game (2001)Benedict Wong
5.7%
Domino (2005)Tom Waits
5.7%
Domino (2005)Michael Papajohn
5.7%
Enemy of the State (1998)James Le Gros
5%
Spy Game (2001)Dale Dye
5%
Revenge (1990)Joaquin Martinez
4.4%
Revenge (1990)James Gammon
4.4%
The Fan (1996)Patti D'Arbanville
4.4%
The Fan (1996)Kurt Fuller
4.4%
The Fan (1996)John Kruk
4.4%
The Taking of Pelham 1 2 3 (2009)Adrian Martinez
4.4%
The Last Boy Scout (1991)Eddie Griffin
3.8%
The Last Boy Scout (1991)Rick Ducommun
3.8%
Enemy of the State (1998)Grant Heslov
3.8%
Domino (2005)Dale Dickey
3.8%
Days of Thunder (1990)Gerald Molen
3.1%
Days of Thunder (1990)Margo Martindale
3.1%
True Romance (1993)Paul Bates
3.1%
True Romance (1993)Gregory Sporleder
3.1%
The Fan (1996)Paul Herman
3.1%
Enemy of the State (1998)Paul Herman
3.1%
The Taking of Pelham 1 2 3 (2009)Gbenga Akinnagbe
3.1%
Unstoppable (2010)Corey Parker Robinson
3.1%
Days of Thunder (1990)Nick Searcy
2.5%
The Last Boy Scout (1991)Jack Kehler
2.5%
True Romance (1993)Paul Ben-Victor
2.5%
True Romance (1993)Ed Lauter
2.5%
The Fan (1996)Brad William Henke
2.5%
Enemy of the State (1998)Ivana Milicevic
2.5%
The Fan (1996)Richard Riehle
1.3%
The Fan (1996)Earl Billings
1.3%

You're not logged in!

Compare scores with friends on all Sporcle quizzes.
Join for Free
OR
Log In

You Might Also Like...

Show Comments

Extras

Top Quizzes Today


Score Distribution

Your Account Isn't Verified!

In order to create a playlist on Sporcle, you need to verify the email address you used during registration. Go to your Sporcle Settings to finish the process.

Report this User

Report this user for behavior that violates our Community Guidelines.

Details: